Statistics for World Capitals Closest - Multi-Choice

Click here to take the quiz!

General Stats

  • This quiz has been taken 22 times
  • The average score is 14 of 20

Answer Stats

QuestionAnswer% Correct
JerusalemRiyadh
100%
Los AngelesMexico City
95%
Buenos AiresAsunción
89%
NgerulmudManila
84%
Addis AbabaNairobi
84%
BakuTehran
84%
CanberraJakarta
79%
LjubljanaZagreb
79%
ParisLondon
74%
RiyadhKuwait City
68%
NuukOttawa
68%
LondonBrussels
63%
AthensAnkara
58%
HavanaMexico City
58%
New DelhiIslamabad
53%
HonoluluWellington
53%
Hong KongHanoi
47%
MoscowKiev
47%
RabatMadrid
47%
NairobiHarare
32%

Score Distribution

Percentile by Number Answered

Percent of People with Each Score

Your Score History

You have not taken this quiz